| 000 | 01095nam a2200301 a 4500 | ||
|---|---|---|---|
| 001 | vtls001303897 | ||
| 003 | NLI | ||
| 005 | 20210627043902.0 | ||
| 008 | 120418s1974 dcua i000 0 eng | ||
| 039 | 9 |
_y201204181930 _zVLOAD |
|
| 040 | 0 |
_aNLI _cVTLS-2012_FOD _eAACR2 |
|
| 041 | 0 | _aeng | |
| 044 | _adcu | ||
| 082 | 0 | 4 | _a363.68 |
| 110 | 1 |
_aUnited States. _bDepartment of Interior. _bAlaska Planning Group _9725360 |
|
| 245 | 1 | 0 |
_aFinal environmental statement : _bproposed Fortymile national wild and science river Alaska / _cPrepared by Alaska Planning Group, U.S. Dept. of the Interior |
| 260 |
_aWashington, D.C. : _bUnited States Government Printing Office, _c1974 |
||
| 300 |
_aVarious pagings : _bill. ; _c28 cm. |
||
| 440 | 0 | _aDepartment of Interior : final environmental statement | |
| 650 | 0 |
_aNational wil life _9725361 |
|
| 650 | 0 |
_aNational park _zFortymile _9725362 |
|
| 710 | 2 |
_aAlaska Planning Group _9725363 |
|
| 887 | _a | ||
| 901 |
_aAD 57779 _b11.10.1976 |
||
| 902 | _aU.S 363.68 Un 3 f | ||
| 949 |
_AVIRTUAITEM _D10000 _X100 _6ADX0000 57779ENG |
||
| 942 |
_2ddc _cBKS |
||
| 999 |
_c596133 _d596133 |
||